| 000 | 00887cab a2200241 4500 | ||
|---|---|---|---|
| 001 | WB3415-18 | ||
| 008 | 090401t1998 xxu||||| |||| 00| 0 eng d | ||
| 035 | _a(Sirsi) u85587 | ||
| 041 | _aeng | ||
| 245 | _aService stations | ||
| 260 | _c1998 | ||
| 350 | _a0 | ||
| 490 |
_aSunday Business _v12 April 1998, 8(2) |
||
| 520 | _aPetrol station operators are finding their forecourt shops are a lucrative source of income. They are able to compete with traditional shops because they can stay open 24 hours a day and they tend not to be based in housing areas. | ||
| 650 | _aCONVENIENCE SHOPPING | ||
| 650 | _aPETROL RETAILERS | ||
| 650 | _aPETROL STATION FORECOURTS | ||
| 650 | _aPETROL STATIONS | ||
| 650 | _aPROPERTY-COMMERCIAL PROPERTY-RETAIL PROPERTY-RETAIL PROPERTY MARKET | ||
| 690 | _aPROPERTY-COMMERCIAL PROPERTY-RETAIL PROPERTY | ||
| 942 | _n0 | ||
| 948 | _c15/04/1998 | ||
| 999 |
_c53817 _d53817 |
||